[Event "IECC CL7-2008.07 email"]
[Site "IECC email"]
[Date "2008.11.29"]
[Round "?"]
[White "Todisco, Giovanni"]
[Black "Stevenson, Walter"]
[Result "0-1"]
[WhiteElo "1070"]
[BlackElo "1107"]
[PlyCount "46"]
[EventDate "2008.??.??"]
[EventType "tourn (corr)"]
[EventRounds "4"]
[SourceTitle "Corr 2011"]
[Source "ChessBase"]
[SourceDate "2010.08.31"]
[SourceVersion "1"]
[SourceVersionDate "2010.08.31"]
[SourceQuality "1"]
[WhiteTeam "Italy"]
[BlackTeam "Canada"]
[WhiteTeamCountry "ITA"]
[BlackTeamCountry "CAN"]

1. e4 c5 2. d3 Nc6 3. c4 e6 4. f4 d6 5. Be3 Nf6 6. g4 h6 7. h3 Be7 8. a3 Bd7 9. a4 a5 10. b3 Qc7 11. Nc3 Nb4 12. Be2 0-0 13. Nb5 Bxb5 14. cxb5 d5 15. e5 Nd7 16. Nf3 d4 17. Nxd4 cxd4 18. Bxd4 Rac8 19. Bf3 Nc5 20. Be2 Bh4+ 21. Kf1 Qd7 22. Rc1 Qxd4 23. Rc4 Qf2# 0-1